Quick Pick: 'F' and 'G' Words in Best Picture Titles Quiz Stats

Quiz not verified by Sporcle

Challenge
Share
Tweet
Embed
Score 0/10 Timer 01:00
0 Plays Today
% Correct
Fair
98.6%
Flew
98.2%
Gone
97.7%
Front
96.8%
French
96.8%
Grand
96.4%
Green
96.4%
Gentleman's
96.4%
Godfather
96.4%
Fire
95.9%

You're not logged in!

Compare scores with friends on all Sporcle quizzes.
Sign Up with Email
OR
Log In

You Might Also Like...

Show Comments

Extras

Top Quizzes Today


Score Distribution

Your Account Isn't Verified!

In order to create a playlist on Sporcle, you need to verify the email address you used during registration. Go to your Sporcle Settings to finish the process.

Report this User

Report this user for behavior that violates our Community Guidelines.

Details: